Les Meilleurs buteurs de la Serie A 2022-2023 - Statistiques

Statistiques générales
  • Ce quiz a été pris 55 fois
  • Le résultat moyen est 8 sur 12
Statistiques - réponses
Buts Nationalité Club Joueur % Correct
21 Argentine Inter Milan Lautaro Martínez
98%
15 Portugal AC Milan Rafael Leão
94%
26 Nigeria SSC Naples Victor Osimhen
94%
13 France Milan Olivier Giroud
92%
12 Italie SS Lazio Ciro Immobile
78%
12 Argentine AS Rome Paulo Dybala
76%
12 Géorgie SSC Naples Khvicha Kvaratskhelia
75%
13 Nigeria Atalanta Bergame Ademola Lookman
51%
16 Sénégal US Salernitana Boulaye Dia
49%
12 Italie US Sassuolo Domenico Berardi
49%
13 Angola Spezia Calcio M'Bala Nzola
22%
12 Paraguay Torino FC Antonio Sanabria
18%
Aucun quiz correspondant
Distribution des résultats
% des personnes avec chaque résultat
Percentile par nombre de réponses
Votre historique - résultats
Vous n’avez pas pris ce quiz